Introducing linguistic morphology / (Record no. 22123)
[ view plain ]
| 000 -LEADER | |
|---|---|
| fixed length control field | 01210nam a22002895a 4500 |
| 008 - FIXED-LENGTH DATA ELEMENTS--GENERAL INFORMATION | |
| fixed length control field | 160807r20122003enka|||frdb|| 001 0 eng d |
| 020 ## - INTERNATIONAL STANDARD BOOK NUMBER | |
| International Standard Book Number | 0748617051 |
| 020 ## - INTERNATIONAL STANDARD BOOK NUMBER | |
| International Standard Book Number | 9780748617050 |
| 040 ## - CATALOGING SOURCE | |
| Original cataloging agency | EG-ScBUE |
| Language of cataloging | eng |
| Transcribing agency | EG-ScBUE |
| 082 04 - DEWEY DECIMAL CLASSIFICATION NUMBER | |
| Edition number | 22 |
| Classification number | 415 |
| Item number | BAU |
| 100 1# - MAIN ENTRY--PERSONAL NAME | |
| 9 (RLIN) | 40674 |
| Personal name | Bauer, Laurie, |
| Dates associated with a name | 1949- |
| 245 ## - TITLE STATEMENT | |
| Title | Introducing linguistic morphology / |
| Statement of responsibility, etc | Laurie Bauer |
| 250 ## - EDITION STATEMENT | |
| Edition statement | 2nd ed. |
| 260 ## - PUBLICATION, DISTRIBUTION, ETC. (IMPRINT) | |
| Place of publication, distribution, etc | Edinburgh : |
| Name of publisher, distributor, etc | Edinburgh University Press, |
| Date of publication, distribution, etc | 2012. |
| 300 ## - PHYSICAL DESCRIPTION | |
| Extent | x, 366 p. : |
| Other physical details | ill. ; |
| Dimensions | 22 cm. |
| 500 ## - GENERAL NOTE | |
| General note | Reprint of the 2003 ed. |
| 500 ## - GENERAL NOTE | |
| General note | Index : p. 359-366. |
| 500 ## - GENERAL NOTE | |
| General note | Glossary ; p. 324-344. |
| 504 ## - BIBLIOGRAPHY, ETC. NOTE | |
| Bibliography, etc | Bibliography : p. 345-358. |
| 520 ## - SUMMARY, ETC. | |
| Summary, etc | Offers introductions to linguistic morphology - the study and description of word formations in languages - that deals with inflection, derivation, and compounding, the system of word-forming elements and processes in a language. |
| 650 #7 - SUBJECT ADDED ENTRY--TOPICAL TERM | |
| Source of heading or term | BUEsh |
| 9 (RLIN) | 40369 |
| Topical term or geographic name as entry element | Grammar, Comparative and general |
| General subdivision | Morphology. |
| 650 #7 - SUBJECT ADDED ENTRY--TOPICAL TERM | |
| 9 (RLIN) | 40675 |
| Topical term or geographic name as entry element | Grammar, Comparative and general |
| General subdivision | Morphosyntax. |
| 650 #7 - SUBJECT ADDED ENTRY--TOPICAL TERM | |
| 9 (RLIN) | 40676 |
| Topical term or geographic name as entry element | Grammar, Comparative and general |
| Form subdivision | Problems, exercises, etc. |
| 651 ## - SUBJECT ADDED ENTRY--GEOGRAPHIC NAME | |
| Source of heading or term | BUEsh |
| 653 ## - INDEX TERM--UNCONTROLLED | |
| Resource For college | |
| Arrived date list | August 2016 |
| 942 ## - ADDED ENTRY ELEMENTS (KOHA) | |
| Source of classification or shelving scheme | Dewey Decimal Classification |
| Edition | 22 |
| Call number prefix | 415 BAU |
No items available.